000 00737nam a2200205Ia 4500
999 _c39250
_d39250
001 5836
003 GE_BSU
005 20190918170241.0
008 181216s1985||||ge |||||||||||||| ||geo||
040 _cGE_BSU
041 _ageo
080 _a821.353.1-1 ა-58
100 _aამისულაშვილი, შ.
_94041
245 _aლექსები /
_cშალვა ამისულაშვილი ; რედ. ნ. იაშვილი.
264 _aთბილისი :
_bსაბჭოთა საქართველო ;
_c1985.
300 _a145 გვ. ;
_c16 სმ.
653 _aლექსები
700 _aიაშვილი, ნ.
_eრედაქტორი
_94099
942 _cBK
_2udc